ბათუმის შოთა რუსთაველის სახელმწიფო უნივერსიტეტის ბიბლიოთეკა

Writer's Market : (ბიბ.ჩანაწერი № 58738)

000 -LEADER
fixed length control field 00642nam a22001937a 4500
005 - DATE AND TIME OF LATEST TRANSACTION
control field 20220711173618.0
008 - FIXED-LENGTH DATA ELEMENTS--GENERAL INFORMATION
fixed length control field 220711s2021en xxu||||| |||| 00| 0 eng d
020 ## - INTERNATIONAL STANDARD BOOK NUMBER
International Standard Book Number 9780593332030
080 ## - UNIVERSAL DECIMAL CLASSIFICATION NUMBER
Universal Decimal Classification number 005.2 W-88
245 ## - TITLE STATEMENT
Title Writer's Market :
Remainder of title THE MOST TRUSTED GUIDE TO GETTING PUBLISHED /
Statement of responsibility, etc. Edited by : Robert Lee Brewer
250 ## - EDITION STATEMENT
Edition statement 100th edition
264 ## - PRODUCTION, PUBLICATION, DISTRIBUTION, MANUFACTURE, AND COPYRIGHT NOTICE
Place of production, publication, distribution, manufacture USA:
Name of producer, publisher, distributor, manufacturer Writer's Digest Books,
Date of production, publication, distribution, manufacture, or copyright notice 2021.
300 ## - PHYSICAL DESCRIPTION
Extent 903:. pages ;
Other physical details 24 cm.
653 ## - INDEX TERM--UNCONTROLLED
keyword Writer's market
653 ## - INDEX TERM--UNCONTROLLED
keyword Authorship Marketing.
653 ## - INDEX TERM--UNCONTROLLED
keyword მარკეტინგი
700 ## - ADDED ENTRY--PERSONAL NAME
Personal name Brewer, Robert Lee
Relator term რედაქტორი
9 (RLIN) 14366
942 ## - ADDED ENTRY ELEMENTS (KOHA)
Source of classification or shelving scheme
Koha item type წიგნი
ეგზემპლარები
Withdrawn status Lost status Source of classification or shelving scheme Damaged status Not for loan Permanent Location Current Location Shelving location Date acquired Cost, normal purchase price Full call number Barcode Date last seen Copy number Price effective from Koha item type Public note
          ბათუმის შოთა რუსთაველის სახელმწიფო უნივერსიტეტის მთავარი ბიბლიოთეკა ბათუმის შოთა რუსთაველის სახელმწიფო უნივერსიტეტის მთავარი ბიბლიოთეკა წიგნსაცავი 2022-07-11 147.00 005.2 W-88 62974 2022-07-11 62974 2022-07-11 წიგნი 147gel.